000 01080nam a2200253Ia 4500
999 _c53626
_d53626
001 20673
003 GE_BSU
005 20210301194126.0
008 181216s1999||||ge |||||||||||||| ||geo||
020 _a99928-43-07-01
040 _cGE_BSU
041 _ageo
080 _a1(09)(042.4) თ-41
100 _aთებიძე, თამაზ
_96133
245 _aფილოსოფიის ისტორიის ნარკვევები :
_bლექციების კურსი /
_cთამაზ თებიძე ; რედ. შოთა ჯაფარიძე.
264 _aბათუმი :
_bალიონი,
_c1999.
300 _a287 გვ. ; 20 სმ.
504 _aბიბლიოგრ. : გვ. 280-284
653 _aფილოსოფია
653 _aფილოსოფიის ისტორია
653 _aფილოსოფიის ისტორიის ნარკვევები
700 _aჯაფარიძ, შოთა
_eრედაქტორი
_910278
942 _cBK
_2udc